000 00890nam a2200289 a 4500
005 20200104041558.0
008 140319b2006 bl ||||| |||| 00| 0 eng d
020 _a8577380017
040 _aCO-BoIAVH
_cCO-BoIAVH
041 _aeng
044 _abl
082 0 4 _a574
_bT44t
090 _aLB
_b04602
110 2 _aBrasil
_bMinisterio del Medio Ambiente
_933469
245 1 0 _aThird national report to the convention on biological biodiversity Brazil
260 _aBrasilia:
_bMinistry of environment,
_c2006.
300 _a374 p.
_c28 cm.
650 4 _aUso sostenible
_9344
650 4 _aEcosistemas acuáticos
_933471
650 4 _aBiodiversidad acuática
_9277
650 4 _aConservación ex situ
_94301
650 4 _aRecursos genéticos
_933472
650 4 _aBiodiversidad
_vcongresos, conferencias, etc.
_933473
662 _aBrasil
942 _cLIBRO
_2ddc
945 _d2006-09-05
999 _c5261
_d5261